[Event "Mallorca-chT Preferente"]
[Site "Mallorca"]
[Date "2021.03.20"]
[Round "3"]
[White "Andreu Lopez, Santiago"]
[Black "Kehloul Gutierrez, Sadek"]
[Result "1-0"]
[WhiteElo "1843"]
[BlackElo "1948"]
[PlyCount "73"]
[EventDate "2021.03.06"]
[EventType "team-swiss"]
[EventRounds "7"]
[EventCountry "ESP"]
[SourceTitle "EXT 2023"]
[Source "ChessBase"]
[SourceDate "2022.10.05"]
[SourceVersion "1"]
[SourceVersionDate "2022.10.05"]
[SourceQuality "1"]
[WhiteTeam "Tropic"]
[BlackTeam "Vuit Peons"]
[WhiteTeamCountry "ESP"]
[BlackTeamCountry "ESP"]

1. e4 e5 2. Nf3 Nc6 3. Bb5 a6 4. Ba4 b5 5. Bb3 Be7 6. 0-0 Nf6 7. Re1 0-0 8. c3 d6 9. h3 Nb8 10. d4 Nbd7 11. Nbd2 c5 12. Nf1 Bb7 13. Ng3 g6 14. Bh6 Re8 15. Nh2 c4 16. Bc2 Bf8 17. Bg5 h6 18. Bd2 Bg7 19. f4 Nh7 20. fxe5 dxe5 21. d5 h5 22. Nf3 Nc5 23. Be3 Rc8 24. Qd2 Nf6 25. Qf2 Nfd7 26. Rad1 a5 27. Rf1 Rf8 28. Qd2 Qe7 29. Kh1 f6 30. Nh4 Qe8 31. Bh6 Qf7 32. Nhf5 h4 33. Bxg7 gxf5 34. Nxf5 Qh5 35. Bxf8 Rxf8 36. Qf2 Nd3 37. Bxd3 1-0

[Event "Calvia Amateur op 13th"]
[Site "Calvia"]
[Date "2016.10.12"]
[Round "5"]
[White "Cip, Dalibor"]
[Black "Kehloul Gutierrez, Sadek"]
[Result "1-0"]
[WhiteElo "2141"]
[BlackElo "1918"]
[PlyCount "71"]
[EventDate "2016.10.08"]
[EventType "swiss"]
[EventRounds "9"]
[EventCountry "ESP"]
[SourceTitle "CBM 175 Extra"]
[Source "ChessBase"]
[SourceDate "2016.12.12"]
[SourceVersion "1"]
[SourceVersionDate "2016.12.12"]
[SourceQuality "1"]

1. c4 e5 2. g3 Nf6 3. Bg2 d5 4. cxd5 Nxd5 5. Nf3 Nc6 6. 0-0 Be7 7. d4 e4 8. Ne5 f5 9. Nxc6 bxc6 10. Nd2 0-0 11. Nb3 Bg5 12. Qc2 Bxc1 13. Raxc1 Rf6 14. Na5 Bd7 15. a3 Qe8 16. b4 Kh8 17. Nc4 Qh5 18. Ne5 Rh6 19. h3 Be8 20. b5 e3 21. bxc6 exf2+ 22. Rxf2 Ne3 23. Qc5 Bg6 24. h4 Nxg2 25. Kxg2 f4 26. Nxg6+ Qxg6 27. Rxf4 Rg8 28. e4 Rh5 29. e5 h6 30. Rcf1 Kh7 31. Qd5 Qc2+ 32. R1f2 Qd3 33. Qe4+ Qxe4+ 34. Rxe4 Re8 35. Kh3 g5 36. Kg4 1-0

[Event "Balears-ch Amateurs"]
[Site "Palma de Mallorca"]
[Date "2016.03.25"]
[Round "2"]
[White "Kehloul Gutierrez, Sadek"]
[Black "Sastre Torrandell, Miquel"]
[Result "1/2-1/2"]
[WhiteElo "1887"]
[BlackElo "1466"]
[PlyCount "120"]
[EventDate "2016.03.24"]
[EventType "swiss"]
[EventRounds "6"]
[EventCountry "ESP"]
[SourceTitle "CBM 171 Extra"]
[Source "ChessBase"]
[SourceDate "2016.04.26"]
[SourceVersion "1"]
[SourceVersionDate "2016.04.26"]
[SourceQuality "1"]

1. e4 c5 2. Nf3 d6 3. Nc3 Nd7 4. d4 cxd4 5. Nxd4 Ngf6 6. Be2 a6 7. Nb3 b5 8. a3 Bb7 9. f3 g6 10. Be3 Bg7 11. Qd2 Rc8 12. 0-0 0-0 13. Bh6 Nb6 14. Bxg7 Kxg7 15. Rad1 Nc4 16. Bxc4 Rxc4 17. Ne2 Qb6+ 18. Kh1 Rfc8 19. c3 a5 20. Qg5 e6 21. Ned4 Ba6 22. Rfe1 a4 23. Nd2 R4c5 24. e5 dxe5 25. Rxe5 Rxe5 26. Qxe5 Rc5 27. Qe3 Qc7 28. Re1 Kg8 29. Nxe6 fxe6 30. Qxe6+ Qf7 31. Qxa6 Rd5 32. Nf1 Nh5 33. Qe6 Qxe6 34. Rxe6 Rd1 35. Kg1 Nf4 36. Re4 Nd3 37. c4 bxc4 38. Rxc4 Nxb2 39. Re4 Nd3 40. Rxa4 Ra1 41. g3 Nb2 42. Ra8+ Kg7 43. Kg2 Nc4 44. f4 Rxa3 45. Rxa3 Nxa3 46. Ne3 Nb5 47. Kf3 Nd6 48. h3 Kf6 49. g4 Ke6 50. g5 Kf7 51. Kg4 Ke6 52. h4 Kf7 53. h5 Ke6 54. h6 Kf7 55. Nd5 Ne8 56. Ne3 Nd6 57. f5 gxf5+ 58. Nxf5 Ne8 59. Kf4 Nc7 60. g6+ Kxg6 1/2-1/2

[Event "Mallorca-chT Preferente"]
[Site "Mallorca"]
[Date "2016.03.15"]
[Round "7.4"]
[White "Kehloul Gutierrez, Sadek"]
[Black "Vicens Company, Maria Antonia"]
[Result "1/2-1/2"]
[WhiteElo "1893"]
[BlackElo "1806"]
[PlyCount "98"]
[EventDate "2016.03.01"]
[EventType "team-tourn"]
[EventRounds "9"]
[EventCountry "ESP"]
[SourceTitle "EXT 2024"]
[Source "ChessBase"]
[SourceDate "2023.10.10"]
[SourceVersion "1"]
[SourceVersionDate "2023.10.10"]
[SourceQuality "1"]
[WhiteTeam "Algaida"]
[BlackTeam "Blau Escacs Calvia"]
[WhiteTeamCountry "ESP"]
[BlackTeamCountry "ESP"]

1. e4 Nf6 2. e5 Nd5 3. d4 d6 4. Nf3 Bg4 5. exd6 exd6 6. Be2 Be7 7. c4 Nb6 8. 0-0 0-0 9. Be3 Bf6 10. h3 Bh5 11. Nc3 Re8 12. g4 Bg6 13. Bd3 Bxd3 14. Qxd3 Nc6 15. a3 d5 16. c5 Nc4 17. Bc1 g6 18. b3 N4a5 19. Rb1 b6 20. Bf4 bxc5 21. dxc5 Ne5 22. Bxe5 Bxe5 23. Nxe5 Rxe5 24. f4 Re8 25. g5 c6 26. h4 Qe7 27. b4 Nc4 28. Rbe1 Qd7 29. Kg2 Nxa3 30. Ne2 Qg4+ 31. Ng3 Nc4 32. Qd4 Re6 33. Rxe6 Qxe6 34. f5 Qe3 35. Qf6 Qe5 36. fxg6 Qxf6 37. gxh7+ Kxh7 38. Rxf6 Ne5 39. Nf5 Rb8 40. Rh6+ Kg8 41. Ne7+ Kg7 42. Nf5+ Kg8 43. Ne7+ Kg7 44. Nxc6 Nxc6 45. Rxc6 Rxb4 46. Ra6 Rxh4 47. c6 Rc4 48. Kf3 Kf8 49. Ke3 Kg7 1/2-1/2

[Event "Alcudia Belleuve"]
[Site "Alcudia"]
[Date "2012.10.21"]
[Round "9.22"]
[White "Kehloul Gutierrez, Sadek"]
[Black "Nadal Bestard, Sebastian"]
[Result "0-1"]
[WhiteElo "1776"]
[BlackElo "1851"]
[PlyCount "46"]
[EventDate "2012.10.14"]
[EventType "swiss"]
[EventRounds "9"]
[EventCountry "ESP"]
[SourceTitle "EXT 2024"]
[Source "ChessBase"]
[SourceDate "2023.10.10"]
[SourceVersion "1"]
[SourceVersionDate "2023.10.10"]
[SourceQuality "1"]

1. e4 e5 2. Nf3 d6 3. d4 exd4 4. Nxd4 Nf6 5. Bg5 Be7 6. Bd3 0-0 7. 0-0 Nxe4 8. Bxe7 Qxe7 9. Re1 d5 10. Qh5 Qb4 11. Nf3 Qxb2 12. Nbd2 Nf6 13. Qh4 Nbd7 14. Rab1 Qxa2 15. Ne5 Nxe5 16. Rxe5 c5 17. Bxh7+ Nxh7 18. Rh5 Re8 19. Rf1 Qxc2 20. Qf4 Be6 21. Nf3 d4 22. Ng5 Qe2 23. Rh4 Qxf1+ 0-1

[Event "Mallorca La Goleta U2200"]
[Site "Palma de Mallorca"]
[Date "2012.08.11"]
[Round "2"]
[White "Kehloul Gutierrez, Sadek"]
[Black "Guzman Otero, Juan Antonio"]
[Result "0-1"]
[WhiteElo "1765"]
[BlackElo "2068"]
[PlyCount "88"]
[EventDate "2012.08.10"]
[EventType "swiss"]
[EventRounds "7"]
[EventCountry "ESP"]
[SourceTitle "EXT 2014"]
[Source "ChessBase"]
[SourceDate "2013.11.20"]
[SourceVersion "1"]
[SourceVersionDate "2013.11.20"]
[SourceQuality "1"]

1. e4 d6 2. d4 e5 3. dxe5 dxe5 4. Qxd8+ Kxd8 5. Nf3 f6 6. Be3 Be6 7. Nbd2 Bd6 8. Bc4 Bd7 9. Bb3 Na6 10. a3 Ke7 11. 0-0 Nh6 12. h3 g5 13. Nxg5 Bc5 14. Ngf3 Bxe3 15. fxe3 Nc5 16. Ba2 Rad8 17. b4 Na4 18. c4 Be6 19. c5 Rd3 20. Bxe6 Kxe6 21. Nc4 Rhd8 22. Rac1 Nc3 23. Rc2 Nxe4 24. g4 Ng8 25. Nh4 Ne7 26. Kg2 h5 27. Nf5 Rg8 28. Kf3 Ng5+ 29. Kg3 hxg4 30. Nxe7 Kxe7 31. hxg4 Rh8 32. Rf5 Rd1 33. Rh2 Ne4+ 34. Kg2 Rxh2+ 35. Kxh2 Rd3 36. Kg2 Rc3 37. Nxe5 Rxe3 38. Ng6+ Kf7 39. Ne5+ Ke6 40. Nc4 Rg3+ 41. Kf1 Rc3 42. Ke1 Rxc4 43. Rf3 Ng5 44. Re3+ Re4 0-1

[Event "Mallorca Summer 1st"]
[Site "Palma de Mallorca"]
[Date "2012.07.10"]
[Round "2"]
[White "Contreras Cabot, Marc"]
[Black "Kehloul Gutierrez, Sadek"]
[Result "1-0"]
[WhiteElo "1807"]
[BlackElo "1765"]
[PlyCount "71"]
[EventDate "2012.07.09"]
[EventType "swiss"]
[EventRounds "8"]
[EventCountry "ESP"]
[SourceTitle "EXT 2014"]
[Source "ChessBase"]
[SourceDate "2013.11.20"]
[SourceVersion "1"]
[SourceVersionDate "2013.11.20"]
[SourceQuality "1"]

1. e4 e6 2. d4 d5 3. exd5 exd5 4. Nf3 Bd6 5. Bd3 Bg4 6. 0-0 Ne7 7. Bg5 0-0 8. Bh4 f6 9. c4 c5 10. Nbd2 cxd4 11. cxd5 Bc5 12. Qb3 Kh8 13. Qxb7 Nd7 14. Bg3 Bb6 15. b4 a6 16. d6 Ng6 17. Bxg6 hxg6 18. Rac1 Ra7 19. Qe4 f5 20. Bh4 Nf6 21. Qc6 Bxf3 22. Nxf3 Rd7 23. Ne5 Rxd6 24. Nxg6+ Kg8 25. Qc4+ Kh7 26. Nxf8+ Qxf8 27. Bxf6 Qxf6 28. Rfd1 Qg5 29. Rd3 Rh6 30. Re1 Qg4 31. Re8 f4 32. Qg8+ Kg6 33. Re6+ Kf5 34. Re7 Rg6 35. Qd5+ Kf6 36. Qe5# 1-0